Loading...
| Science - Other Science | 0 | 6 | 1 | 0 | 55 | 19 | 56.50 | 3 | 4 |
| Science - Physics | 0 | 4 | 1 | 0 | 35 | 52 | 57.75 | 0 | 2 |
| Science - Biology | 0 | 2 | 0 | 1 | 20 | 82 | 105.00 | 0 | 1 |
| History - American History | 0 | 2 | 1 | 1 | 15 | 86 | 102.50 | 0 | 1 |
| History - European History | 0 | 2 | 1 | 1 | 15 | 47 | 89.00 | 0 | 1 |
| History - Other History | 0 | 2 | 1 | 1 | 15 | 36 | 78.00 | 0 | 1 |
| Social Science | 0 | 1 | 0 | 0 | 10 | 127 | 127.00 | 0 | 0 |
| Literature - British Literature | 0 | 1 | 0 | 0 | 10 | 81 | 81.00 | 0 | 0 |
| Mythology | 0 | 1 | 0 | 1 | 10 | 120 | 120.00 | 0 | 0 |
| Other Academic | 0 | 1 | 0 | 0 | 10 | 105 | 105.00 | 0 | 1 |
| Philosophy | 0 | 1 | 0 | 1 | 10 | 126 | 126.00 | 0 | 0 |
| Fine Arts - Classical Music | 0 | 1 | 0 | 1 | 10 | 128 | 128.00 | 0 | 0 |
| Science - Chemistry | 0 | 0 | 0 | 0 | 0 | 0.00 | 0 | 0 | |
| Religion | 0 | 1 | 2 | 0 | 0 | 83 | 83.00 | 1 | 1 |
| Literature - European Literature | 0 | 0 | 1 | 0 | -5 | 0.00 | 0 | 0 | |
| Geography/Current Events | 0 | 0 | 1 | 0 | -5 | 0.00 | 0 | 0 | |
| History - World History | 0 | 0 | 2 | 0 | -10 | 0.00 | 0 | 0 |